00711nam a22002537a 4500003000500000005001700005008004100022010001000063011001000073035001000083040000900093082001800102100002000120245006200140260002900202300002000231490004500251650002900296650002600325650002500351700001500376700002100391830004500412CHAP20220817042747.0971013s1979 r 00010 d a54735 a55707 a59859 cCHAP a631.0913bW5400aWilliams, C. N. aTree and field crops of the wetter regions of the tropics aLondon :bDongman,c1979 a262 p.b: ilus. aIntermediate tropical agriculture series14aAgriculturaxTrópicos.14aÁrboles tropicales.14aCultivos tropicales.0 aChew, W.Y.0 aRajaratman, J.H.0 aIntermediate tropical agriculture series